<?xml version="1.0" encoding="UTF-8"?>
<record
    xmlns:xsi="http://www.w3.org/2001/XMLSchema-instance"
    xsi:schemaLocation="http://www.loc.gov/MARC21/slim http://www.loc.gov/standards/marcxml/schema/MARC21slim.xsd"
    xmlns="http://www.loc.gov/MARC21/slim">

  <leader>01791nam a2200289 a 4500</leader>
  <controlfield tag="001">41639</controlfield>
  <controlfield tag="003">BD-RjUL</controlfield>
  <controlfield tag="005">20211209053427.0</controlfield>
  <controlfield tag="008">160604s2011    bg a|||| b||| 00| 0 ben d</controlfield>
  <datafield tag="020" ind1=" " ind2=" ">
    <subfield code="a">9848090061</subfield>
    <subfield code="c">: Tk. 300.00</subfield>
  </datafield>
  <datafield tag="035" ind1=" " ind2=" ">
    <subfield code="a">(BD-RjUL) 41757</subfield>
  </datafield>
  <datafield tag="040" ind1=" " ind2=" ">
    <subfield code="a">BD-RjUL</subfield>
    <subfield code="b">ben</subfield>
    <subfield code="c">BD-RjUL</subfield>
  </datafield>
  <datafield tag="041" ind1=" " ind2=" ">
    <subfield code="a">ben</subfield>
  </datafield>
  <datafield tag="082" ind1=" " ind2=" ">
    <subfield code="2">23</subfield>
    <subfield code="a">491.44864</subfield>
    <subfield code="b">CHP 2001</subfield>
  </datafield>
  <datafield tag="100" ind1="1" ind2=" ">
    <subfield code="a">&#x99A;&#x995;&#x9CD;&#x9B0;&#x9AC;&#x9B0;&#x9CD;&#x9A4;&#x9C0;, &#x9B0;&#x9C2;&#x9AA;&#x9BE; </subfield>
    <subfield code="9">127904</subfield>
  </datafield>
  <datafield tag="245" ind1="1" ind2="4">
    <subfield code="a">The practice texts for Bengali learners :</subfield>
    <subfield code="b">A complete intermediate course for foreigners /</subfield>
    <subfield code="c">Rupa chakraborty</subfield>
  </datafield>
  <datafield tag="246" ind1=" " ind2=" ">
    <subfield code="a">&#x9AC;&#x9BF;&#x9A6;&#x9C7;&#x9B6;&#x9C0; &#x9AC;&#x9BE;&#x982;&#x9B2;&#x9BE;-&#x9B6;&#x9BF;&#x995;&#x9CD;&#x9B7;&#x9BE;&#x9B0;&#x9CD;&#x9A5;&#x9C0;&#x9A6;&#x9C7;&#x9B0; &#x99C;&#x9A8;&#x9CD;&#x9AF;&#x9C7; &#x9AC;&#x9CD;&#x9AF;&#x9AC;&#x9B9;&#x9BE;&#x9B0;&#x9BF;&#x995; &#x989;&#x9AA;&#x995;&#x9B0;&#x9A3;:</subfield>
    <subfield code="b">&#x9AE;&#x9BE;&#x9A7;&#x9CD;&#x9AF;&#x9AE;&#x9BF;&#x995; &#x9B8;&#x9CD;&#x9A4;&#x9B0;&#x9C7;&#x9B0; &#x98F;&#x995;&#x99F;&#x9BF; &#x9AA;&#x9B0;&#x9BF;&#x9AA;&#x9C2;&#x9B0;&#x9CD;&#x9A3; &#x9AA;&#x9BE;&#x9A0;&#x9CD;&#x9AF;&#x995;&#x9CD;&#x9B0;&#x9AE; / &#x9B0;&#x9C2;&#x9AA;&#x9BE; &#x99A;&#x995;&#x9CD;&#x9B0;&#x9AC;&#x9B0;&#x9CD;&#x9A4;&#x9C0; </subfield>
  </datafield>
  <datafield tag="260" ind1=" " ind2=" ">
    <subfield code="a">&#x9A2;&#x9BE;&#x995;&#x9BE; : </subfield>
    <subfield code="b">&#x9AC;&#x9BE;&#x982;&#x9B2;&#x9BE;&#x9A6;&#x9C7;&#x9B6; &#x9AC;&#x9BF;&#x9B6;&#x9CD;&#x9AC;&#x9AC;&#x9BF;&#x9A6;&#x9CD;&#x9AF;&#x9BE;&#x9B2;&#x9AF;&#x9BC; &#x9AE;&#x99E;&#x9CD;&#x99C;&#x9C1;&#x9B0;&#x9C0; &#x995;&#x9AE;&#x9BF;&#x9B6;&#x9A8; ,</subfield>
    <subfield code="c">&#x9E8;&#x9E6;&#x9E7;&#x9E7;</subfield>
  </datafield>
  <datafield tag="300" ind1=" " ind2=" ">
    <subfield code="a">&#x995;-&#x9A3;, &#x9E8;&#x9E8;&#x9EE; &#x9AA;&#x9C3;. : </subfield>
    <subfield code="b">&#x99A;&#x9BF;&#x9A4;&#x9CD;&#x9B0; ;</subfield>
    <subfield code="c">&#x9E8;&#x9E7; &#x9B8;&#x9C7;&#x9AE;&#x9BF;. </subfield>
  </datafield>
  <datafield tag="500" ind1=" " ind2=" ">
    <subfield code="a">"&#x9AC;&#x9BF;&#x9A6;&#x9C7;&#x9B6;&#x9C0; &#x9AC;&#x9BE;&#x982;&#x9B2;&#x9BE;-&#x9B6;&#x9BF;&#x995;&#x9CD;&#x9B7;&#x9BE;&#x9B0;&#x9CD;&#x9A5;&#x9C0;&#x9A6;&#x9C7;&#x9B0; &#x99C;&#x9A8;&#x9CD;&#x9AF;&#x9C7; &#x9AC;&#x9CD;&#x9AF;&#x9AC;&#x9B9;&#x9BE;&#x9B0;&#x9BF;&#x995; &#x989;&#x9AA;&#x995;&#x9B0;&#x9A3;: &#x9AE;&#x9BE;&#x9A7;&#x9CD;&#x9AF;&#x9AE;&#x9BF;&#x995; &#x9B8;&#x9CD;&#x9A4;&#x9B0;&#x9C7;&#x9B0; &#x98F;&#x995;&#x99F;&#x9BF; &#x9AA;&#x9B0;&#x9BF;&#x9AA;&#x9C2;&#x9B0;&#x9CD;&#x9A3; &#x9AA;&#x9BE;&#x9A0;&#x9CD;&#x9AF;&#x995;&#x9CD;&#x9B0;&#x9AE;" </subfield>
  </datafield>
  <datafield tag="504" ind1=" " ind2=" ">
    <subfield code="a">&#x997;&#x9CD;&#x9B0;&#x9A8;&#x9CD;&#x9A7;&#x9AA;&#x99E;&#x9CD;&#x99C;&#x9BF; &#x9B8;&#x982;&#x9AF;&#x9C1;&#x995;&#x9CD;&#x9A4; </subfield>
  </datafield>
  <datafield tag="650" ind1=" " ind2=" ">
    <subfield code="a">&#x9AC;&#x9BE;&#x982;&#x9B2;&#x9BE; &#x9AD;&#x9BE;&#x9B7;&#x9BE;</subfield>
    <subfield code="x">&#x985;&#x9A7;&#x9CD;&#x9AF;&#x9AF;&#x9BC;&#x9A8; &#x98F;&#x9AC;&#x982; &#x9B6;&#x9BF;&#x995;&#x9CD;&#x9B7;&#x9A3;</subfield>
    <subfield code="x">&#x9AC;&#x9BF;&#x9A6;&#x9C7;&#x9B6;&#x9C0; &#x9B6;&#x9BF;&#x995;&#x9CD;&#x9B7;&#x9BE;&#x9B0;&#x9CD;&#x9A5;&#x9C0;</subfield>
    <subfield code="9">237540</subfield>
  </datafield>
  <datafield tag="650" ind1=" " ind2=" ">
    <subfield code="a">Bengali language  </subfield>
    <subfield code="x">Study and teaching</subfield>
    <subfield code="x">Foreigners</subfield>
    <subfield code="9">237541</subfield>
  </datafield>
  <datafield tag="700" ind1=" " ind2=" ">
    <subfield code="a">&#x99A;&#x995;&#x9CD;&#x9B0;&#x9AC;&#x9B0;&#x9CD;&#x9A4;&#x9C0;, &#x9B0;&#x9C2;&#x9AA;&#x9BE; </subfield>
    <subfield code="9">237767</subfield>
  </datafield>
  <datafield tag="700" ind1=" " ind2=" ">
    <subfield code="a">chakraborty, Rupa </subfield>
    <subfield code="9">237768</subfield>
  </datafield>
  <datafield tag="942" ind1=" " ind2=" ">
    <subfield code="2">ddc</subfield>
    <subfield code="c">BK</subfield>
  </datafield>
  <datafield tag="999" ind1=" " ind2=" ">
    <subfield code="c">41639</subfield>
    <subfield code="d">41639</subfield>
  </datafield>
  <datafield tag="952" ind1=" " ind2=" ">
    <subfield code="0">0</subfield>
    <subfield code="1">0</subfield>
    <subfield code="2">ddc</subfield>
    <subfield code="4">0</subfield>
    <subfield code="7">0</subfield>
    <subfield code="8">NFIC</subfield>
    <subfield code="a">RUCL</subfield>
    <subfield code="b">RUCL</subfield>
    <subfield code="c">Stack</subfield>
    <subfield code="d">2005-05-25</subfield>
    <subfield code="e">Dhaka, Bangladesh U. G. C. </subfield>
    <subfield code="g">300.00</subfield>
    <subfield code="l">0</subfield>
    <subfield code="o">B 491.44864 CHP 2001</subfield>
    <subfield code="r">2016-06-04 00:00:00</subfield>
    <subfield code="t">C-2</subfield>
    <subfield code="w">2021-12-09</subfield>
    <subfield code="y">BK</subfield>
  </datafield>
  <datafield tag="952" ind1=" " ind2=" ">
    <subfield code="0">0</subfield>
    <subfield code="1">0</subfield>
    <subfield code="2">ddc</subfield>
    <subfield code="4">0</subfield>
    <subfield code="7">0</subfield>
    <subfield code="8">NFIC</subfield>
    <subfield code="a">RUCL</subfield>
    <subfield code="b">RUCL</subfield>
    <subfield code="c">Stack</subfield>
    <subfield code="d">2007-12-12</subfield>
    <subfield code="e">Author, Rajshahi</subfield>
    <subfield code="g">300.00</subfield>
    <subfield code="l">0</subfield>
    <subfield code="o">B 491.44864 CHP 2001</subfield>
    <subfield code="r">2016-08-09 00:00:00</subfield>
    <subfield code="t">C-3</subfield>
    <subfield code="w">2021-12-09</subfield>
    <subfield code="y">BK</subfield>
  </datafield>
  <datafield tag="952" ind1=" " ind2=" ">
    <subfield code="0">0</subfield>
    <subfield code="1">0</subfield>
    <subfield code="2">ddc</subfield>
    <subfield code="4">0</subfield>
    <subfield code="7">0</subfield>
    <subfield code="8">NFIC</subfield>
    <subfield code="a">RUCL</subfield>
    <subfield code="b">RUCL</subfield>
    <subfield code="c">Stack</subfield>
    <subfield code="d">2007-12-12</subfield>
    <subfield code="e">Author, Rajshahi</subfield>
    <subfield code="g">300.00</subfield>
    <subfield code="l">0</subfield>
    <subfield code="o">B 491.44864 CHP 2001</subfield>
    <subfield code="r">2016-08-09 00:00:00</subfield>
    <subfield code="t">C-4</subfield>
    <subfield code="w">2021-12-09</subfield>
    <subfield code="y">BK</subfield>
  </datafield>
  <datafield tag="952" ind1=" " ind2=" ">
    <subfield code="0">0</subfield>
    <subfield code="1">0</subfield>
    <subfield code="2">ddc</subfield>
    <subfield code="4">0</subfield>
    <subfield code="7">0</subfield>
    <subfield code="8">NFIC</subfield>
    <subfield code="a">RUCL</subfield>
    <subfield code="b">RUCL</subfield>
    <subfield code="c">Stack</subfield>
    <subfield code="d">2005-05-25</subfield>
    <subfield code="e">Dhaka, Bangladesh U. G. C.</subfield>
    <subfield code="g">300.00</subfield>
    <subfield code="l">0</subfield>
    <subfield code="o">B 491.44864 CHP 2001</subfield>
    <subfield code="r">2016-08-09 00:00:00</subfield>
    <subfield code="t">C-5</subfield>
    <subfield code="w">2021-12-09</subfield>
    <subfield code="y">BK</subfield>
  </datafield>
  <datafield tag="952" ind1=" " ind2=" ">
    <subfield code="0">0</subfield>
    <subfield code="1">0</subfield>
    <subfield code="2">ddc</subfield>
    <subfield code="4">0</subfield>
    <subfield code="7">0</subfield>
    <subfield code="8">NFIC</subfield>
    <subfield code="a">RUCL</subfield>
    <subfield code="b">RUCL</subfield>
    <subfield code="c">Stack</subfield>
    <subfield code="d">2005-05-25</subfield>
    <subfield code="e">Dhaka, Bangladesh U. G. C.</subfield>
    <subfield code="g">300.00</subfield>
    <subfield code="l">0</subfield>
    <subfield code="o">B 491.44864 CHP 2001</subfield>
    <subfield code="r">2016-08-09 00:00:00</subfield>
    <subfield code="t">C-6</subfield>
    <subfield code="w">2021-12-09</subfield>
    <subfield code="y">BK</subfield>
  </datafield>
  <datafield tag="952" ind1=" " ind2=" ">
    <subfield code="0">0</subfield>
    <subfield code="1">0</subfield>
    <subfield code="2">ddc</subfield>
    <subfield code="4">0</subfield>
    <subfield code="7">0</subfield>
    <subfield code="8">NFIC</subfield>
    <subfield code="a">RUCL</subfield>
    <subfield code="b">RUCL</subfield>
    <subfield code="c">Stack</subfield>
    <subfield code="d">2005-05-25</subfield>
    <subfield code="e">Dhaka, Bangladesh U. G. C.</subfield>
    <subfield code="g">300.00</subfield>
    <subfield code="l">0</subfield>
    <subfield code="o">B 491.44864 CHP 2001</subfield>
    <subfield code="r">2016-08-09 00:00:00</subfield>
    <subfield code="t">C-7</subfield>
    <subfield code="w">2021-12-09</subfield>
    <subfield code="y">BK</subfield>
  </datafield>
  <datafield tag="952" ind1=" " ind2=" ">
    <subfield code="0">0</subfield>
    <subfield code="1">0</subfield>
    <subfield code="2">ddc</subfield>
    <subfield code="4">0</subfield>
    <subfield code="7">1</subfield>
    <subfield code="8">NFIC</subfield>
    <subfield code="a">RUCL</subfield>
    <subfield code="b">RUCL</subfield>
    <subfield code="c">Reading</subfield>
    <subfield code="d">2005-05-25</subfield>
    <subfield code="e">Dhaka, Bangladesh U. G. C.</subfield>
    <subfield code="g">300.00</subfield>
    <subfield code="l">0</subfield>
    <subfield code="o">B 491.44864 CHP 2001</subfield>
    <subfield code="r">2020-01-14 00:00:00</subfield>
    <subfield code="t">C-1</subfield>
    <subfield code="w">2021-12-09</subfield>
    <subfield code="y">BK</subfield>
  </datafield>
</record>
